| 000 | 01982nam a2200541 c 4500 | ||
|---|---|---|---|
| 001 | 46209 | ||
| 003 | ES-MaCES | ||
| 005 | 20180510114042.0 | ||
| 007 | cr ||||||||||| | ||
| 008 | 150812s2015 sp r 000 ||spa d | ||
| 020 | _a9788492937592 | ||
| 040 |
_aES-MaCES _bspa _cES-MaCES |
||
| 041 | 0 |
_aspa _aeng |
|
| 100 | 1 |
_97478 _aBenages Candau, Eva |
|
| 245 | 1 | 0 |
_aCapital público en España _hRecurso electrónico _b: evolución y distribución territorial (1900-2012) _cdir. por, Matilde Mas Ivars, Francisco Pérez García, Ezequiel Uriel Jiménez ; [autores], Eva Benages Candau, Vicent Cucarella Tormo |
| 250 | _a1ª ed | ||
| 260 |
_aBilbao _bFundación BBVA _c2015 |
||
| 300 |
_a1 documento pdf _c(7,70 mb) |
||
| 490 | 1 |
_aInformes _v2015. Economía y sociedad |
|
| 500 | _aResumen en español e inglés | ||
| 500 | _aÍndices | ||
| 504 | _aBibliografía: p. 145-148 | ||
| 541 | _cGratuito | ||
| 650 | 4 |
_asector público _927150 |
|
| 650 | 4 |
_acapital _928127 |
|
| 650 | 4 |
_arecursos de capital _928133 |
|
| 650 | 4 |
_ainversiones de capital _928140 |
|
| 650 | 4 |
_ainversiones públicas _928148 |
|
| 650 | 4 |
_acrisis económica _927102 |
|
| 650 | 4 |
_aevaluación del impacto _930732 |
|
| 650 | 4 |
_aComunidades Autónomas _930768 |
|
| 650 | 4 |
_agobierno regional _929907 |
|
| 650 | 4 |
_aEspaña _926964 |
|
| 650 | 4 |
_a1900-2012 _935899 |
|
| 650 | 4 |
_a1995-2011 _935900 |
|
| 650 | 4 |
_acuadros estadísticos _928890 |
|
| 653 | 1 | 0 | _aFinanciación |
| 700 | 1 |
_918066 _aMas, Matilde _edir. |
|
| 700 | 1 |
_920776 _aPérez García, Francisco _edir. |
|
| 700 | 1 |
_925339 _aUriel Jiménez, Ezequiel _edir. |
|
| 700 | 1 |
_910239 _aCucarella Tormo, Vicent |
|
| 710 | 2 |
_aFundación BBVA _eed. _93766 |
|
| 830 | 0 |
_aInformes (Fundación BBVA) _v2015 _934390 |
|
| 830 | 0 |
_aInformes (Fundación BBVA) _pEconomía y sociedad _934389 |
|
| 856 | 4 |
_uhttp://biblioteca.ces.es/repintra/B46209.pdf _ytexto completo _z[intranet] |
|
| 902 | _aELE PUB. ELECTRONICA | ||
| 942 |
_2CES _cBK _h0.0. |
||
| 999 |
_c46209 _d46209 |
||